Score 0/20 Timer 04:00
1 Play Today
Mixed Word Restaurant Chain % Correct
PIZAZ THUPizza Hut
97.9%
GURBER GINKBurger King
96.4%
ACTO LELBTaco Bell
96.1%
MIMJY JSHONJimmy John's
93.6%
GOLN HOJN RELSVISLong John Silver's
92.6%
RAIDY ENUQEDairy Queen
92.4%
SOPEEYPPopeyes
91.4%
SWEDYNWendy's
86%
THIWE STLACEWhite Castle
85.3%
NOQSIUZQuiznos
84.9%
Mixed Word Restaurant Chain % Correct
SAWYUBSubway
84.6%
NDLSDACOMMcDonald's
82.6%
POCHITLEChipotle
81.6%
DRE BLOSRETRed Lobster
76.9%
TITLEL SCASERALittle Caesars
76.7%
KREACCR LARBERCracker Barrel
76.5%
VOILE DARENGOlive Garden
75.3%
BRAYSArby's
74.4%
MOONISDDomino's
57.4%
SLUVERCCulvers
51.4%
Remove Ads.
Support Sporcle.
Get the best of Sporcle when you Go Orange. This ad-free experience offers more features, more stats, and more fun while also helping to support Sporcle. Thank you for becoming a member.

You're not logged in!

Compare scores with friends on all Sporcle quizzes.
OR
Log In

Show Comments

Extras

Top Quizzes Today


Score Distribution

Your Account Isn't Verified!

In order to create a playlist on Sporcle, you need to verify the email address you used during registration. Go to your Sporcle Settings to finish the process.

Report this User

Report this user for behavior that violates our Community Guidelines.

Details: